Die größten Städte aus jedem Kontinent - Statistiken

Allgemein
  • Dieses Quiz wurde 319 mal gespielt
  • Das Durchschnittsergebnis liegt bei 68 aus 150
Antwortstatistiken
% Korrekt
Europa Berlin 4.800.000
96%
Europa London 14.800.000
94%
Europa Paris 11.300.000
93%
Europa Madrid 6.900.000
92%
Europa Moskau 17.400.000
91%
Europa Rom 3.450.000
89%
Europa München 2.275.000
86%
Europa Barcelona 4.900.000
84%
Afrika Kairo 22.000.000
84%
Asien Istanbul 15.800.000
83%
Europa Istanbul 16.500.000
83%
Europa Hamburg 2.700.000
82%
Europa Wien 2.225.000
82%
Ozeanien Sydney 4.800.000
80%
Asien Tokio 40.000.000
80%
Europa Amsterdam 2.500.000
79%
Europa Mailand 6.110.000
78%
Nordamerika New York 21.000.000
77%
Asien Peking 20.500.000
77%
Nordamerika Los Angeles 17.300.000
76%
Afrika Johannesburg 14.300.000
74%
Afrika Kapstadt 4.300.000
74%
Europa Kiew 3.600.000
74%
Europa Sankt Petersburg 5.600.000
74%
Europa Lissabon 2.425.000
73%
Südamerika Rio De Janeiro 13.400.000
73%
Nordamerika Mexiko Stadt 25.000.000
71%
Nordamerika Washington DC / Baltimore 8.700.000
70%
Ozeanien Melbourne 4.700.000
69%
Asien Shanghai 39.000.000
69%
Südamerika Buenos Aires 17.000.000
68%
Europa Stockholm 2.075.000
68%
Ozeanien Canberra 480.000
65%
Nordamerika Chicago 9.900.000
65%
Südamerika São Paulo 23.000.000
65%
Afrika Lagos 20.800.000
64%
Asien Bangkok 18.700.000
63%
Südamerika Brasília 4.100.000
63%
Nordamerika San Francisco 7.700.000
62%
Südamerika Santiago 8.000.000
62%
Asien Jakarta 29.000.000
61%
Südamerika Lima 11.400.000
61%
Nordamerika Miami 6.300.000
61%
Europa Neapel 4.100.000
61%
Ozeanien Perth 2.000.000
61%
Ozeanien Wellington 210.000
61%
Europa Kopenhagen 1.800.000
60%
Afrika Nairobi 6.300.000
60%
Asien Delhi 32.000.000
59%
Asien Mumbai 26.000.000
59%
Nordamerika Dallas 7.300.000
58%
Nordamerika Toronto 7.630.000
58%
Afrika Algier 4.100.000
56%
Ozeanien Auckland 1.600.000
56%
Südamerika Bogotá 10.000.000
56%
Asien Seoul 24.800.000
56%
Nordamerika Boston 7.800.000
54%
Afrika Casablanca 4.600.000
53%
Nordamerika Houston 6.800.000
53%
Afrika Kinshasa 14.500.000
53%
Europa Lyon 2.000.000
53%
Asien Teheran 15.200.000
52%
Afrika Addis Abeba 3.900.000
51%
Afrika Alexandria 6.000.000
51%
Südamerika Caracas 3.900.000
51%
Afrika Luanda 8.800.000
51%
Asien Manila 26.400.000
51%
Asien Osaka 17.200.000
51%
Afrika Accra 6.100.000
50%
Afrika Dakar 4.000.000
50%
Ozeanien Brisbane 2.400.000
49%
Asien Guangzhou/Shenzhen 49.000.000
49%
Nordamerika Atlanta 6.000.000
47%
Asien Dhaka 19.900.000
47%
Nordamerika Philadelphia 7.550.000
47%
Südamerika Quito 2.820.000
47%
Nordamerika Seattle 4.500.000
45%
Südamerika Belo Horizonte 5.100.000
44%
Nordamerika Montreal 4.280.000
44%
Afrika Abuja 3.870.000
42%
Europa Frankfurt 3.100.000
42%
Asien Kalkutta 16.500.000
42%
Nordamerika San Diego 3.200.000
42%
Afrika Daressalam 6.790.000
41%
Nordamerika Denver 3.800.000
41%
Nordamerika Detroit 5.800.000
41%
Südamerika La Paz 2.000.000
39%
Ozeanien Adelaide 1.300.000
38%
Europa Rotterdam 3.200.000
38%
Nordamerika Phoenix 4.600.000
36%
Südamerika Asunción 2.350.000
35%
Ozeanien Christchurch 380.000
34%
Nordamerika Guatemala Stadt 3.400.000
34%
Afrika Khartum 6.600.000
34%
Europa Valencia 1.890.000
34%
Nordamerika Guadalajara 5.500.000
33%
Europa Liverpool 1.975.000
33%
Asien Karatschi 17.700.000
32%
Südamerika Medellin 4.075.000
31%
Ozeanien Port Moresby 365.000
31%
Afrika Durban 3.525.000
30%
Afrika Jaunde 3.650.000
30%
Afrika Kampala 3.800.000
30%
Afrika Lusaka 3.000.000
30%
Afrika Abidjan 5.900.000
29%
Ozeanien Suva 185.000
29%
Asien Chennai 11.600.000
28%
Südamerika Manaus 2.275.000
28%
Afrika Bamako 3.825.000
27%
Asien Lahore 13.200.000
26%
Nordamerika Monterrey 5.700.000
26%
Südamerika Recife 2.075.000
26%
Asien Xi'an 11.100.000
25%
Südamerika Fortaleza 3.700.000
24%
Südamerika Cali 2.825.000
23%
Ozeanien Darwin 144.000
22%
Nordamerika Orlando 3.500.000
22%
Asien Xiamen 13.800.000
21%
Asien Ho Chi Minh Stadt 10.600.000
20%
Südamerika Salvador 3.600.000
20%
Asien Tianjin 10.900.000
20%
Asien Chengdu 14.100.000
19%
Ozeanien Gold Coast 700.000
19%
Europa Nischni Nowgorod 1.700.000
19%
Südamerika Porto Alegre 4.150.000
19%
Südamerika Belém 2.900.000
18%
Afrika Kano 4.900.000
18%
Afrika Douala 3.570.000
16%
Südamerika Guayaquil 2.870.000
16%
Ozeanien Hobart 230.000
16%
Nordamerika Tampa 4.400.000
16%
Südamerika Curitiba 3.500.000
15%
Ozeanien Newcastle 500.000
15%
Asien Bengaluru 12.500.000
14%
Asien Hangzhou 11.900.000
13%
Südamerika Santa Cruz 2.100.000
13%
Afrika Ibadan 3.760.000
12%
Nordamerika Puebla 4.000.000
12%
Ozeanien Cairns 155.000
11%
Ozeanien Sunshine Coast 390.000
11%
Ozeanien Wollongong 300.000
10%
Ozeanien Hamilton 180.000
9%
Südamerika Maracaibo 2.600.000
9%
Ozeanien Central Coast 340.000
7%
Südamerika Goiânia 2.400.000
7%
Ozeanien Lae 150.000
6%
Ozeanien Townsville 181.000
6%
Ozeanien Geelong 285.000
5%
Ozeanien Tauranga 170.000
5%
Ozeanien Honolulu 800.000
4%
Keine übereinstimmenden Quizze gefunden
Verteilung der Resultate
Anzahl Personen mit jedem Resultat
Perzentil nach korrekt beantworteten Fragen
Ihre Resultats-Entwicklung
Sie haben dieses Quiz noch nicht gespielt